000
00259nam a2200097Ia 4500
001
1210565
005
20250827024420.0
008
250824s9999 xx 000 0 und d
245
0
_a
BAMBAŞKA
_c
KAHRAMAN TAZEOĞLU
260
_b
DESTEK YAYINLARI
999
_c
1210565
_d
1210565